|
|
|
|
| LEADER |
00708nab a2200193 i 4500 |
| 001 |
acta26209 |
| 005 |
20210224155404.0 |
| 008 |
161017s1970 hu o 0|| hun d |
| 022 |
|
|
|a 0544-7224
|
| 040 |
|
|
|a SZTE Egyetemi Kiadványok Repozitórium
|b hun
|
| 041 |
|
|
|a hun
|
| 100 |
1 |
|
|a Bokor Istvánné
|
| 245 |
1 |
2 |
|a A helyesírási készség fejlesztése korszerű eljárások alkalmazásával a 2. osztályban
|h [elektronikus dokumentum] /
|c Bokor Istvánné
|
| 260 |
|
|
|c 1970
|
| 300 |
|
|
|a 287-293
|
| 490 |
0 |
|
|a Módszertani közlemények
|v 10 No. 5
|
| 695 |
|
|
|a Neveléstudomány
|
| 700 |
0 |
1 |
|a Kántor Józsefné
|e aut
|
| 856 |
4 |
0 |
|u http://acta.bibl.u-szeged.hu/26209/1/modszertani_010_005_287-293.pdf
|z Dokumentum-elérés
|